Statistics for Aes Sedai who died in The Wheel of Time series

Click here to take the quiz!

General Stats

  • This quiz has been taken 180 times
  • The average score is 30 of 62

Answer Stats

Answer% Correct
Siuan Sanche
83%
Verin Mathwin
83%
Alanna Mosvani
78%
Sheriam Bayanar
78%
Egwene al'Vere
74%
Adeleas Namelle
70%
Anaiya Carel
70%
Asne Zeramene
70%
Elza Penfell
70%
Careane Fransi
65%
Gitara Moroso
65%
Katerine Alruddin
65%
Kateri Nepvue
65%
Vandene Namelle
65%
Delana Mosalaine
61%
Falion Bhoda
61%
Tamra Ospenya
61%
Chesmal Emry
57%
Doesine Alwain
57%
Amico Nagoyin
52%
Cabriana Mecandes
52%
Daigian Moseneillin
52%
Eldrith Jhondar
52%
Ispan Shefar
52%
Joiya Byir
52%
Kairen Stang
52%
Merean Redhil
52%
Moria Karentanis
52%
Duhara Basaheen
48%
Jeaine Caide
48%
Romanda Cassin
48%
Sareitha Tomares
48%
Sierin Vayu
48%
Aisha Raveneos
43%
Beldeine Nyram
43%
Danelle
43%
Jarna Malari
43%
Kerene Nagashi
43%
Temaile Kinderode
43%
Berisha Terakuni
39%
Carlinya Sorevin
39%
Faeldrin Harella
39%
Kiruna Nachiman
39%
Kumira Dhoran
39%
Meilyn Arganya
39%
Evanellein Lorn
35%
Kwamesa Taramasu
35%
Laigin Arnault
35%
Larelle Tarsi
35%
Ludice Daneen
35%
Amira Moselle
30%
Ananda
30%
Cetalia Delarme
30%
Josaine
30%
Mestra
30%
Notori
30%
Valera Gorovni
30%
Marya Somares
26%
Sedore Dajenna
26%
Shevan Gadarin
22%
Talva
22%
Mirlene Cornwell
17%

Score Distribution

Percentile by Number Answered

Percent of People with Each Score

Your Score History

You have not taken this quiz